LEADER 01270nam a2200289 4500 001 000000338569 003 CaOOAMICUS 005 20191217111638.0 008 191217s2016 it 000 u ita r 020 $a978-88-6642-248-8 040 $aSeMil$bita 100 1 $aGennaro, Erminio,$d<1944- >.$0(OLS)http://semarc/name/17141 245 13$aAl miràcol de la Madòna de Sant'Üstì :$bpoemetto in dialetto trevigliese con traduzione /$cErminio Gennaro. 246 01$aIl miracolo della Madonna di Sant'Agostino 250 $a2. ed. corretta e accresciuta 264 1$aBergamo :$bSestante,$c2016. 300 $a200 p. ;$c21 cm 500 $aCon dedica dell'A. a mons. Delpini 541 1 $aFondo mons. Mario Delpini 850 $aSeMil 852 $aSeMil$W1$xVenegono$y1$m1A III 158$j218923$B230774$CSeMilBibl$Z2$F230774 $81 941 1 $a7 996 $6020$a978-88-6642-248-8$9(OLS)http://semarc/number/289449 996 $6245$aAl miràcol de la Madòna de Sant'Üstì :$bpoemetto in dialetto trevigliese con traduzione$9(OLS)http://semarc/title/427400 996 $6246$aIl miracolo della Madonna di Sant'Agostino$9(OLS)http://semarc/title/427399 996 $6264$aBergamo :$bSestante$9(OLS)http://semarc/publisher/52638 LEADER 00837nam a2200193 i 4500 001 000000224345 003 CaOOAMICUS 005 20131030000000.0 008 131030s1839 it u000 u lat u 013 $a203243 040 $aSeMil$bita 245 10$aTomus 61. 300 $a537 p. 773 0 $aGuillon, Marie Nicolas Sylvestre <1760-1847>$tCollectio selecta SS. Ecclesiae Patrum, complectens exquisitissima opera tum dogmatica et moralia, tum apologetica et oratoria; accurantibus D. Caillau ... una cum D.M.N.S. Guillon ..$dParisiis : Apud Méquignon-Havard, 1829-1840 (Parisiis : Typis Decourchant)$g61$w()28977 850 $aSeMil 852 $aSeMil$W1$xVenegono$y1$m2S II 61 FA$j174691$B174691$CSeMilBibl$Z2$F184741 $8I 941 1 $a10 961 $aRecupero: Mantegazza 996 $6245$aTomus 61$9(OLS)http://semarc/title/321493